Normal view
MARC view
Entry Personal Name
001 - CONTROL NUMBER
- control field: 767393
003 - CONTROL NUMBER IDENTIFIER
- control field: OSt
005 - DATE AND TIME OF LATEST TRANSACTION
- control field: 20250508155737.0
008 - FIXED-LENGTH DATA ELEMENTS
- fixed length control field: 250508|| aca||aabn | a|a d
040 ## - CATALOGING SOURCE
- Original cataloging agency: OSt
- Transcribing agency: OSt
100 ## - HEADING--PERSONAL NAME
- Personal name: Hugh Agnes M C
670 ## - SOURCE DATA FOUND
- Source citation: Work cat.: (OSt)1359068: Hugh Agnes M C, Investigation into the causes of underachievement among pupils of superior intellectual potential, 1972
